000 00358nam a22001457a 4500
003 SGT
020 _a978-81-312-5457-8
082 _a614
_bCHA
100 _aCHAND, S.
245 _aESSENTIALS OF FORENSIC MEDICINE AND TOXICOLOGY
260 _aINDIA
_bELSEVIER PUB.
_c2019
300 _a514
650 _aFORENSIC MEDICINE AND TOXICOLOGY
942 _2ddc
_cBK
999 _c32402
_d32402